Govern multinivell i gestió de xarxes / Projecció Mecenatge Social
Descripción Física:
III, 17 p. ; 30 cm
Colección:
Elements de debat territorial
Materias:
Administració local
MARC
| LEADER | 00000nam a2200000Ia 4500 | ||
|---|---|---|---|
| 001 | 15078 | ||
| 008 | 160829s1999 xx 000 0 cat d | ||
| 080 | |a FU-37-5 | ||
| 100 | |a Projecció Mecenatge Social |9 4677 | ||
| 245 | |a Govern multinivell i gestió de xarxes / Projecció Mecenatge Social | ||
| 260 | |a Barcelona : |b Diputació de Barcelona, Servei de Cooperació Local, |c 1999 | ||
| 300 | |a III, 17 p. ; |c 30 cm | ||
| 490 | |a Elements de debat territorial | ||
| 650 | 0 | |a Administració local |9 34286 | |
| 710 | 1 | |a Barcelona (Catalunya : Província). |b Servei de Cooperació Local |9 2991 | |
| 901 | |a Arxiu | ||
| 942 | |n 1 | ||
| 952 | |0 0 |1 0 |4 0 |6 FU375 |7 1 |9 48738 |a Arxiu |b Arxiu |d 2016-12-01 |l 0 |o FU-37-5 |p 15078 |r 2016-12-01 00:00:00 |w 2016-12-01 |y ARXIU | ||
| 999 | |c 52569 |d 52569 | ||